[Event "MP do 18 lat - chlopcy"]
[Site "Sypniewo"]
[Date "2022.03.23"]
[Round "5.5"]
[White "Ochedzan, Tymon"]
[Black "Seemann, Jakub"]
[Result "0-1"]
[BlackElo "2298"]
[WhiteElo "2308"]
[LiveChessVersion "1.4.8"]

1. e4 {[%clk 1:30:57]} e5 {[%clk 1:30:56]} 2. Nf3 {[%clk 1:31:10]} Nc6
{[%clk 1:31:22]} 3. Bc4 {[%clk 1:31:34]} Nf6 {[%clk 1:31:44]} 4. Ng5
{[%clk 1:31:04]} d5 {[%clk 1:32:06]} 5. exd5 {[%clk 1:30:05]} Na5
{[%clk 1:32:30]} 6. Bb5+ {[%clk 1:28:44]} c6 {[%clk 1:32:10]} 7. dxc6
{[%clk 1:28:35]} bxc6 {[%clk 1:32:30]} 8. Be2 {[%clk 1:27:33]} h6
{[%clk 1:31:49]} 9. Nh3 {[%clk 1:23:31]} g5 {[%clk 1:25:01]} 10. d3
{[%clk 1:20:22]} c5 {[%clk 1:14:56]} 11. Ng1 {[%clk 1:11:12]} Nc6
{[%clk 1:12:12]} 12. c3 {[%clk 1:05:27]} Be7 {[%clk 1:03:51]} 13. Nd2
{[%clk 1:02:40]} Bf5 {[%clk 0:56:51]} 14. Qa4 {[%clk 0:55:24]} Rc8
{[%clk 0:55:53]} 15. Ngf3 {[%clk 0:51:56]} O-O {[%clk 0:55:20]} 16. Ne4
{[%clk 0:50:01]} Nd5 {[%clk 0:44:56]} 17. h3 {[%clk 0:45:04]} Bg6
{[%clk 0:40:44]} 18. O-O {[%clk 0:35:36]} f5 {[%clk 0:39:39]} 19. Ng3
{[%clk 0:33:29]} h5 {[%clk 0:34:31]} 20. Re1 {[%clk 0:27:57]} g4 {[%clk 0:33:15]}
21. hxg4 {[%clk 0:27:19]} hxg4 {[%clk 0:33:05]} 22. Nh2 {[%clk 0:25:33]} Kg7
{[%clk 0:32:18]} 23. Bxg4 {[%clk 0:22:18]} fxg4 {[%clk 0:25:00]} 24. Nxg4
{[%clk 0:22:35]} Nf4 {[%clk 0:22:59]} 25. Nxe5 {[%clk 0:18:02]} Nxe5
{[%clk 0:22:41]} 26. Rxe5 {[%clk 0:17:05]} Nxd3 {[%clk 0:22:48]} 27. Re2
{[%clk 0:17:18]} Bd6 {[%clk 0:18:28]} 28. Qg4 {[%clk 0:15:48]} Bxg3
{[%clk 0:16:32]} 29. Qxg3 {[%clk 0:15:40]} Re8 {[%clk 0:12:04]} 30. Be3
{[%clk 0:12:59]} Qd5 {[%clk 0:11:41]} 31. Rd1 {[%clk 0:12:57]} Nf4
{[%clk 0:11:19]} 32. Qxf4 {[%clk 0:06:24]} Qxd1+ {[%clk 0:10:58]} 33. Kh2
{[%clk 0:06:50]} Qxe2 {[%clk 0:11:00]} 34. Qh6+ {[%clk 0:07:15]} Kf7
{[%clk 0:11:27]} 35. Qf4+ {[%clk 0:07:39]} Kg8 {[%clk 0:11:54]} 36. Qf6
{[%clk 0:07:26]} Qh5+ {[%clk 0:12:18]} 37. Kg1 {[%clk 0:07:49]} Rcd8
{[%clk 0:12:43]} 0-1

[Event "MP do 18 lat - chlopcy"]
[Site "Sypniewo"]
[Date "2022.03.23"]
[Round "5.6"]
[White "Luczak, Filip"]
[Black "Gorkiewicz, Mateusz"]
[Result "1-0"]
[BlackElo "2073"]
[WhiteElo "2300"]
[LiveChessVersion "1.4.8"]

1. d4 {[%clk 1:30:58]} d5 {[%clk 1:30:37]} 2. c4 {[%clk 1:31:23]} e6
{[%clk 1:31:01]} 3. Nf3 {[%clk 1:31:41]} Nf6 {[%clk 1:31:15]} 4. g3
{[%clk 1:31:54]} Be7 {[%clk 1:31:31]} 5. Bg2 {[%clk 1:32:21]} O-O
{[%clk 1:31:51]} 6. O-O {[%clk 1:32:44]} dxc4 {[%clk 1:32:02]} 7. Ne5
{[%clk 1:33:10]} Nc6 {[%clk 1:32:17]} 8. Nxc6 {[%clk 1:33:39]} bxc6
{[%clk 1:32:40]} 9. Na3 {[%clk 1:34:07]} Bxa3 {[%clk 1:32:53]} 10. bxa3
{[%clk 1:34:36]} Ba6 {[%clk 1:32:54]} 11. Qd2 {[%clk 1:34:59]} Rb8
{[%clk 1:32:45]} 12. Qa5 {[%clk 1:35:24]} Qc8 {[%clk 1:32:56]} 13. e4
{[%clk 1:34:49]} Rb5 {[%clk 1:22:49]} 14. Qc3 {[%clk 1:32:23]} c5
{[%clk 1:18:51]} 15. dxc5 {[%clk 1:25:23]} Rd8 {[%clk 1:16:15]} 16. Bf4
{[%clk 1:04:17]} Rxc5 {[%clk 1:01:43]} 17. Rfd1 {[%clk 1:03:30]} Nd7
{[%clk 0:48:49]} 18. Be3 {[%clk 0:54:39]} Rb5 {[%clk 0:44:59]} 19. a4
{[%clk 0:53:59]} Rb8 {[%clk 0:42:10]} 20. Bxa7 {[%clk 0:53:25]} Ra8
{[%clk 0:41:40]} 21. Bd4 {[%clk 0:49:17]} e5 {[%clk 0:32:39]} 22. Be3
{[%clk 0:49:19]} Qb7 {[%clk 0:31:09]} 23. Qd2 {[%clk 0:28:44]} h6
{[%clk 0:23:45]} 24. Rab1 {[%clk 0:27:30]} Qc6 {[%clk 0:23:26]} 25. Qd5
{[%clk 0:25:34]} Qxa4 {[%clk 0:19:18]} 26. Bh3 {[%clk 0:24:32]} Nb6
{[%clk 0:17:36]} 27. Qxd8+ {[%clk 0:23:21]} Rxd8 {[%clk 0:18:02]} 28. Rxd8+
{[%clk 0:23:48]} Kh7 {[%clk 0:18:24]} 29. Rf8 {[%clk 0:22:08]} Qxa2
{[%clk 0:12:57]} 30. Rc1 {[%clk 0:14:21]} Kg6 {[%clk 0:12:30]} 31. Re8
{[%clk 0:11:28]} Kf6 {[%clk 0:09:48]} 32. f4 {[%clk 0:08:50]} Qe2
{[%clk 0:06:53]} 33. fxe5+ {[%clk 0:06:25]} Kg6 {[%clk 0:07:18]} 34. Bf5+
{[%clk 0:05:44]} Kh5 {[%clk 0:07:43]} 35. g4+ {[%clk 0:04:43]} Kh4
{[%clk 0:08:07]} 36. Bf2+ {[%clk 0:05:06]} Kg5 {[%clk 0:08:23]} 37. Rc3
{[%clk 0:05:00]} Qd3 {[%clk 0:06:35]} 38. Rxd3 {[%clk 0:05:15]} cxd3
{[%clk 0:07:00]} 39. Bg3 {[%clk 0:05:24]} 1-0

[Event "MP do 18 lat - chlopcy"]
[Site "Sypniewo"]
[Date "2022.03.23"]
[Round "5.7"]
[White "Turski, Bartlomiej"]
[Black "Dzida, Kamil"]
[Result "0-1"]
[BlackElo "2243"]
[WhiteElo "2220"]
[LiveChessVersion "1.4.8"]

1. e4 {[%clk 1:30:57]} c5 {[%clk 1:30:47]} 2. Nf3 {[%clk 1:31:23]} d6
{[%clk 1:31:06]} 3. d4 {[%clk 1:31:46]} cxd4 {[%clk 1:31:19]} 4. Nxd4
{[%clk 1:32:09]} Nf6 {[%clk 1:31:44]} 5. Nc3 {[%clk 1:32:34]} a6 {[%clk 1:32:08]}
6. h3 {[%clk 1:32:58]} e6 {[%clk 1:32:15]} 7. g4 {[%clk 1:33:21]} Nc6
{[%clk 1:32:41]} 8. Bg2 {[%clk 1:33:32]} Nd7 {[%clk 1:33:04]} 9. Be3
{[%clk 1:33:38]} Be7 {[%clk 1:33:27]} 10. h4 {[%clk 1:33:44]} O-O
{[%clk 1:30:41]} 11. g5 {[%clk 1:33:57]} Nxd4 {[%clk 1:23:08]} 12. Qxd4
{[%clk 1:33:27]} Ne5 {[%clk 1:20:14]} 13. f4 {[%clk 1:14:46]} Ng4
{[%clk 1:19:33]} 14. Bd2 {[%clk 1:02:35]} e5 {[%clk 1:16:48]} 15. Qg1
{[%clk 0:54:56]} exf4 {[%clk 1:14:11]} 16. Nd5 {[%clk 0:45:51]} f3
{[%clk 0:55:45]} 17. Bxf3 {[%clk 0:45:23]} Ne5 {[%clk 0:56:09]} 18. Be2
{[%clk 0:41:31]} Be6 {[%clk 0:56:32]} 19. O-O-O {[%clk 0:40:23]} Bxd5
{[%clk 0:57:00]} 20. exd5 {[%clk 0:40:44]} f5 {[%clk 0:57:18]} 21. Qd4
{[%clk 0:36:33]} g6 {[%clk 0:53:57]} 22. Kb1 {[%clk 0:24:24]} Re8
{[%clk 0:53:59]} 23. h5 {[%clk 0:21:46]} Bf8 {[%clk 0:51:16]} 24. hxg6
{[%clk 0:20:09]} hxg6 {[%clk 0:50:26]} 25. Qh4 {[%clk 0:18:58]} Bg7
{[%clk 0:50:15]} 26. Bc3 {[%clk 0:17:56]} Kf7 {[%clk 0:48:18]} 27. Rhf1
{[%clk 0:15:23]} Rc8 {[%clk 0:47:32]} 28. Bd3 {[%clk 0:12:23]} Rh8
{[%clk 0:44:36]} 29. Qg3 {[%clk 0:10:37]} Rh5 {[%clk 0:34:47]} 30. Rg1
{[%clk 0:08:08]} Qb6 {[%clk 0:32:54]} 31. Be2 {[%clk 0:07:44]} Rh7
{[%clk 0:21:52]} 32. Bd4 {[%clk 0:06:57]} Qc7 {[%clk 0:22:16]} 33. c3
{[%clk 0:06:51]} Rch8 {[%clk 0:22:41]} 34. Qf2 {[%clk 0:05:22]} Rh2
{[%clk 0:20:30]} 35. Rg2 {[%clk 0:05:33]} R2h4 {[%clk 0:20:56]} 36. Qe3
{[%clk 0:03:40]} Qe7 {[%clk 0:18:55]} 37. Rf1 {[%clk 0:03:07]} Rh3
{[%clk 0:18:18]} 38. Rg3 {[%clk 0:02:56]} Rh2 {[%clk 0:17:18]} 39. Rf2
{[%clk 0:02:32]} Rh1+ {[%clk 0:15:44]} 40. Rf1 {[%clk 0:32:11]} Rxf1+
{[%clk 0:41:35]} 41. Bxf1 {[%clk 0:32:26]} Rh1 {[%clk 0:41:57]} 42. Qe2
{[%clk 0:29:29]} Qd8 {[%clk 0:41:51]} 43. Qg2 {[%clk 0:25:06]} Rh4
{[%clk 0:41:56]} 44. Be2 {[%clk 0:23:26]} Qh8 {[%clk 0:40:50]} 45. Qf2
{[%clk 0:22:54]} Rh1+ {[%clk 0:38:01]} 46. Kc2 {[%clk 0:19:31]} Qh4
{[%clk 0:37:41]} 47. Kb3 {[%clk 0:17:55]} Nd7 {[%clk 0:30:04]} 48. Rg2
{[%clk 0:13:15]} Bxd4 {[%clk 0:27:41]} 49. Qxd4 {[%clk 0:13:14]} Nc5+
{[%clk 0:27:03]} 50. Kc2 {[%clk 0:13:11]} Nd7 {[%clk 0:23:14]} 51. Qxh4
{[%clk 0:10:53]} Rxh4 {[%clk 0:23:43]} 52. Kd2 {[%clk 0:11:12]} Ne5
{[%clk 0:23:54]} 53. Kc2 {[%clk 0:10:35]} Ke7 {[%clk 0:22:07]} 54. b4
{[%clk 0:10:16]} f4 {[%clk 0:22:00]} 55. Rf2 {[%clk 0:09:46]} f3 {[%clk 0:22:24]}
56. Bd1 {[%clk 0:09:48]} Rg4 {[%clk 0:22:36]} 57. Kd2 {[%clk 0:09:31]} Rg2
{[%clk 0:22:22]} 58. Ke3 {[%clk 0:09:35]} Ng4+ {[%clk 0:22:43]} 0-1

[Event "MP do 18 lat - chlopcy"]
[Site "Sypniewo"]
[Date "2022.03.23"]
[Round "5.8"]
[White "Kozlowski, Michal"]
[Black "Redzisz, Michal"]
[Result "0-1"]
[BlackElo "2223"]
[WhiteElo "2078"]
[LiveChessVersion "1.4.8"]

1. e4 {[%clk 1:30:58]} c6 {[%clk 1:24:08]} 2. d4 {[%clk 1:31:25]} d5
{[%clk 1:24:27]} 3. e5 {[%clk 1:31:52]} c5 {[%clk 1:24:51]} 4. dxc5
{[%clk 1:32:18]} e6 {[%clk 1:25:19]} 5. Nf3 {[%clk 1:32:42]} Bxc5
{[%clk 1:25:24]} 6. a3 {[%clk 1:33:01]} Ne7 {[%clk 1:25:09]} 7. b4
{[%clk 1:33:28]} Bb6 {[%clk 1:25:37]} 8. Bd3 {[%clk 1:33:42]} a5 {[%clk 1:25:24]}
9. b5 {[%clk 1:31:01]} Ng6 {[%clk 1:15:12]} 10. O-O {[%clk 1:28:59]} Nd7
{[%clk 1:12:41]} 11. Re1 {[%clk 1:21:42]} a4 {[%clk 1:11:41]} 12. Be3
{[%clk 1:10:08]} Bc5 {[%clk 0:44:41]} 13. c4 {[%clk 0:53:23]} dxc4
{[%clk 0:37:22]} 14. Bxc5 {[%clk 0:33:39]} Nxc5 {[%clk 0:37:33]} 15. Bxc4
{[%clk 0:34:05]} O-O {[%clk 0:35:11]} 16. Nc3 {[%clk 0:30:26]} b6
{[%clk 0:32:27]} 17. Nd4 {[%clk 0:26:30]} Bb7 {[%clk 0:27:10]} 18. Nc6
{[%clk 0:26:34]} Qc8 {[%clk 0:24:06]} 19. Qd6 {[%clk 0:26:16]} Bxc6
{[%clk 0:17:45]} 20. Qxc6 {[%clk 0:26:38]} Qb8 {[%clk 0:17:53]} 21. Qd6
{[%clk 0:24:06]} Rd8 {[%clk 0:17:15]} 22. Qxb8 {[%clk 0:24:30]} Raxb8
{[%clk 0:17:44]} 23. g3 {[%clk 0:19:40]} Rbc8 {[%clk 0:13:11]} 24. Rac1
{[%clk 0:17:15]} Nb3 {[%clk 0:05:35]} 25. Bxb3 {[%clk 0:12:06]} axb3
{[%clk 0:06:03]} 26. f4 {[%clk 0:03:27]} b2 {[%clk 0:05:32]} 27. Rcd1
{[%clk 0:03:53]} Rxd1 {[%clk 0:05:48]} 0-1

[Event "MP do 18 lat - chlopcy"]
[Site "Sypniewo"]
[Date "2022.03.23"]
[Round "5.9"]
[White "Kacprzak, Karol"]
[Black "Luberanski, Jakub"]
[Result "0-1"]
[BlackElo "2211"]
[WhiteElo "2275"]
[LiveChessVersion "1.4.8"]

1. Nf3 {[%clk 1:30:57]} d5 {[%clk 1:30:39]} 2. c4 {[%clk 1:29:08]} c6
{[%clk 1:31:05]} 3. d4 {[%clk 1:26:07]} Nf6 {[%clk 1:31:12]} 4. Nbd2
{[%clk 1:25:48]} Bf5 {[%clk 1:29:21]} 5. Nh4 {[%clk 1:25:32]} Be4
{[%clk 1:29:36]} 6. f3 {[%clk 1:13:29]} Bg6 {[%clk 1:30:01]} 7. Qb3
{[%clk 1:08:07]} Qc7 {[%clk 1:26:46]} 8. e3 {[%clk 0:57:37]} e6 {[%clk 1:25:12]}
9. Nxg6 {[%clk 0:55:45]} hxg6 {[%clk 1:25:36]} 10. Bd3 {[%clk 0:56:12]} c5
{[%clk 1:01:59]} 11. dxc5 {[%clk 0:50:28]} Bxc5 {[%clk 1:02:24]} 12. cxd5
{[%clk 0:46:05]} exd5 {[%clk 1:02:43]} 13. Qc3 {[%clk 0:45:05]} Qe7
{[%clk 0:52:00]} 14. b4 {[%clk 0:38:45]} Bxe3 {[%clk 0:51:31]} 15. Qc8+
{[%clk 0:35:50]} Qd8 {[%clk 0:51:57]} 16. Qxd8+ {[%clk 0:33:58]} Kxd8
{[%clk 0:52:21]} 17. Nb3 {[%clk 0:34:22]} Bxc1 {[%clk 0:43:36]} 18. Rxc1
{[%clk 0:34:43]} Nbd7 {[%clk 0:42:06]} 19. Kd2 {[%clk 0:31:58]} Rc8
{[%clk 0:39:16]} 20. h3 {[%clk 0:28:29]} Rc7 {[%clk 0:33:44]} 21. a3
{[%clk 0:21:50]} Kc8 {[%clk 0:31:27]} 22. Rhe1 {[%clk 0:14:55]} Re8
{[%clk 0:29:52]} 23. Bb5 {[%clk 0:14:08]} Rxe1 {[%clk 0:27:28]} 24. Rxe1
{[%clk 0:14:29]} Kd8 {[%clk 0:23:37]} 25. h4 {[%clk 0:08:26]} Nf8
{[%clk 0:17:31]} 26. Bd3 {[%clk 0:05:09]} Ne6 {[%clk 0:13:21]} 27. Bxg6
{[%clk 0:03:32]} Nf4 {[%clk 0:13:44]} 28. Bd3 {[%clk 0:03:54]} Nxg2
{[%clk 0:13:28]} 29. Rg1 {[%clk 0:04:21]} Nxh4 {[%clk 0:13:22]} 30. Nd4
{[%clk 0:04:50]} g6 {[%clk 0:11:05]} 31. Rh1 {[%clk 0:04:02]} Ng2
{[%clk 0:10:16]} 32. Nb5 {[%clk 0:02:14]} Re7 {[%clk 0:08:54]} 33. Nxa7
{[%clk 0:02:24]} Nh5 {[%clk 0:08:56]} 34. Rc1 {[%clk 0:01:46]} Rc7
{[%clk 0:09:02]} 35. Rh1 {[%clk 0:01:26]} Ngf4 {[%clk 0:08:15]} 36. Nb5
{[%clk 0:01:46]} Re7 {[%clk 0:07:39]} 37. a4 {[%clk 0:01:06]} Re6
{[%clk 0:04:53]} 38. Nd4 {[%clk 0:00:56]} Rf6 {[%clk 0:05:04]} 39. Rc1
{[%clk 0:00:45]} Ne6 {[%clk 0:04:44]} 40. Nb3 {[%clk 0:30:34]} Rxf3
{[%clk 0:32:21]} 41. Na5 {[%clk 0:29:09]} Rf2+ {[%clk 0:21:57]} 42. Ke3
{[%clk 0:23:56]} Ra2 {[%clk 0:21:51]} 43. Nxb7+ {[%clk 0:21:41]} Ke7
{[%clk 0:22:17]} 44. a5 {[%clk 0:19:28]} d4+ {[%clk 0:18:04]} 45. Ke4
{[%clk 0:18:08]} Nf6+ {[%clk 0:16:17]} 46. Kf3 {[%clk 0:14:15]} Ra3
{[%clk 0:16:13]} 47. Rd1 {[%clk 0:07:25]} Nd5 {[%clk 0:15:46]} 48. Kf2
{[%clk 0:04:43]} Nxb4 {[%clk 0:15:56]} 49. Bc4 {[%clk 0:05:12]} d3
{[%clk 0:09:08]} 50. Ke3 {[%clk 0:03:05]} Kd7 {[%clk 0:06:52]} 51. Rb1
{[%clk 0:01:28]} Nc6 {[%clk 0:06:44]} 52. a6 {[%clk 0:01:28]} Kc7
{[%clk 0:05:12]} 53. Bxe6 {[%clk 0:00:53]} fxe6 {[%clk 0:05:38]} 54. Nc5
{[%clk 0:01:20]} Nd8 {[%clk 0:04:27]} 55. Rg1 {[%clk 0:00:52]} Ra5
{[%clk 0:02:26]} 56. a7 {[%clk 0:00:50]} Rxa7 {[%clk 0:01:58]} 57. Rxg6
{[%clk 0:01:13]} Kd6 {[%clk 0:02:13]} 58. Nxd3 {[%clk 0:01:40]} Ra3
{[%clk 0:02:25]} 59. Ke4 {[%clk 0:01:08]} Ra4+ {[%clk 0:02:52]} 60. Ke3
{[%clk 0:01:28]} Ra5 {[%clk 0:01:36]} 61. Nf4 {[%clk 0:01:13]} Re5+
{[%clk 0:02:01]} 62. Kf3 {[%clk 0:01:26]} Re1 {[%clk 0:01:51]} 63. Kf2
{[%clk 0:01:38]} Ra1 {[%clk 0:02:14]} 64. Ke3 {[%clk 0:02:03]} Ke5
{[%clk 0:02:06]} 65. Nd3+ {[%clk 0:01:56]} Kf5 {[%clk 0:02:32]} 66. Rg8
{[%clk 0:02:15]} Nc6 {[%clk 0:02:54]} 67. Rf8+ {[%clk 0:02:37]} Kg5
{[%clk 0:03:12]} 68. Rf7 {[%clk 0:02:17]} Ra3 {[%clk 0:03:11]} 69. Rb7
{[%clk 0:01:20]} Ne5 {[%clk 0:02:54]} 70. Rb5 {[%clk 0:01:39]} Rxd3+
{[%clk 0:02:49]} 71. Ke4 {[%clk 0:02:08]} Kf6 {[%clk 0:03:08]} 72. Rxe5
{[%clk 0:02:33]} Re3+ {[%clk 0:03:32]} 0-1

[Event "MP do 18 lat - chlopcy"]
[Site "Sypniewo"]
[Date "2022.03.23"]
[Round "5.10"]
[White "Panek, Bartosz"]
[Black "Czernek, Tymon"]
[Result "0-1"]
[BlackElo "2229"]
[WhiteElo "2010"]
[LiveChessVersion "1.4.8"]

1. e4 {[%clk 1:29:16]} c6 {[%clk 1:30:54]} 2. Nc3 {[%clk 1:28:09]} d5
{[%clk 1:31:19]} 3. Nf3 {[%clk 1:28:34]} Nf6 {[%clk 1:31:47]} 4. e5
{[%clk 1:15:50]} Ne4 {[%clk 1:32:12]} 5. Ne2 {[%clk 1:10:30]} Qb6
{[%clk 1:32:39]} 6. d4 {[%clk 1:10:50]} e6 {[%clk 1:33:05]} 7. Ng3
{[%clk 1:05:37]} c5 {[%clk 1:32:38]} 8. Bd3 {[%clk 1:05:07]} Nxg3
{[%clk 1:23:47]} 9. hxg3 {[%clk 1:02:43]} cxd4 {[%clk 1:23:58]} 10. Ng5
{[%clk 0:54:55]} Nc6 {[%clk 1:20:25]} 11. Nxh7 {[%clk 0:50:56]} Bd7
{[%clk 1:20:50]} 12. Qe2 {[%clk 0:33:04]} O-O-O {[%clk 1:20:34]} 13. Rh3
{[%clk 0:32:39]} Be7 {[%clk 1:18:50]} 14. a3 {[%clk 0:30:06]} f6 {[%clk 1:17:57]}
15. f4 {[%clk 0:29:25]} Qc7 {[%clk 1:15:57]} 16. b4 {[%clk 0:23:16]} Nxe5
{[%clk 1:16:00]} 17. Bb2 {[%clk 0:21:42]} Nc4 {[%clk 1:13:22]} 18. O-O-O
{[%clk 0:14:22]} Nxb2 {[%clk 1:10:19]} 19. Kxb2 {[%clk 0:14:46]} a5
{[%clk 1:08:32]} 20. Bb5 {[%clk 0:14:20]} axb4 {[%clk 1:04:33]} 21. Bxd7+
{[%clk 0:13:30]} Rxd7 {[%clk 1:03:19]} 22. axb4 {[%clk 0:13:15]} Bxb4
{[%clk 1:03:20]} 23. Rb1 {[%clk 0:10:49]} Qb6 {[%clk 1:01:14]} 24. g4
{[%clk 0:08:43]} Rxh7 {[%clk 1:00:03]} 25. Rxh7 {[%clk 0:07:05]} Bd6+
{[%clk 1:00:24]} 0-1

[Event "MP do 18 lat - chlopcy"]
[Site "Sypniewo"]
[Date "2022.03.23"]
[Round "5.11"]
[White "Grzesik, Gracjan"]
[Black "Malik, Maciej"]
[Result "1-0"]
[BlackElo "1912"]
[WhiteElo "2208"]
[LiveChessVersion "1.4.8"]

1. c4 {[%clk 1:30:55]} Nf6 {[%clk 1:30:03]} 2. Nc3 {[%clk 1:31:19]} g6
{[%clk 1:29:37]} 3. g3 {[%clk 1:31:33]} Bg7 {[%clk 1:29:36]} 4. Bg2
{[%clk 1:32:00]} d6 {[%clk 1:28:33]} 5. d4 {[%clk 1:31:40]} O-O {[%clk 1:27:45]}
6. h3 {[%clk 1:30:45]} Nc6 {[%clk 1:20:49]} 7. e3 {[%clk 1:30:26]} e5
{[%clk 1:20:09]} 8. Nge2 {[%clk 1:26:01]} Nd7 {[%clk 1:08:34]} 9. O-O
{[%clk 1:15:54]} Nb6 {[%clk 1:05:56]} 10. b3 {[%clk 1:12:09]} a5 {[%clk 1:01:33]}
11. a4 {[%clk 1:05:28]} Nb4 {[%clk 0:58:29]} 12. Bb2 {[%clk 0:59:44]} c6
{[%clk 0:56:58]} 13. Na2 {[%clk 0:47:32]} Nxa2 {[%clk 0:50:01]} 14. Rxa2
{[%clk 0:47:55]} d5 {[%clk 0:49:56]} 15. Ba3 {[%clk 0:34:55]} Re8
{[%clk 0:48:07]} 16. dxe5 {[%clk 0:29:42]} Bxe5 {[%clk 0:47:26]} 17. Rd2
{[%clk 0:27:21]} Qc7 {[%clk 0:46:46]} 18. cxd5 {[%clk 0:17:51]} Nxd5
{[%clk 0:46:49]} 19. Bc5 {[%clk 0:14:17]} Nc3 {[%clk 0:34:29]} 20. Nxc3
{[%clk 0:13:58]} Bxc3 {[%clk 0:34:52]} 21. Rd3 {[%clk 0:13:37]} Bg7
{[%clk 0:35:13]} 22. e4 {[%clk 0:09:38]} f5 {[%clk 0:30:28]} 23. Bd6
{[%clk 0:06:29]} Qf7 {[%clk 0:30:46]} 24. e5 {[%clk 0:04:19]} Be6
{[%clk 0:16:19]} 25. f4 {[%clk 0:04:06]} Red8 {[%clk 0:16:19]} 26. Qc2
{[%clk 0:03:41]} h6 {[%clk 0:12:24]} 27. Rfd1 {[%clk 0:03:44]} Kh7
{[%clk 0:11:39]} 28. Qc3 {[%clk 0:03:41]} Rg8 {[%clk 0:11:08]} 29. b4
{[%clk 0:03:15]} Bc4 {[%clk 0:08:15]} 30. Rd4 {[%clk 0:02:20]} Bb3
{[%clk 0:07:49]} 31. R1d3 {[%clk 0:01:50]} Bxa4 {[%clk 0:06:57]} 32. bxa5
{[%clk 0:02:08]} Bb5 {[%clk 0:07:11]} 33. Rd2 {[%clk 0:02:19]} Rad8
{[%clk 0:06:16]} 34. Bc5 {[%clk 0:02:10]} Rxd4 {[%clk 0:06:19]} 35. Qxd4
{[%clk 0:01:06]} Qb3 {[%clk 0:05:44]} 36. Kh2 {[%clk 0:01:11]} g5
{[%clk 0:05:39]} 37. Qd7 {[%clk 0:00:39]} Kh8 {[%clk 0:03:51]} 38. Qxf5
{[%clk 0:00:40]} gxf4 {[%clk 0:03:18]} 39. gxf4 {[%clk 0:00:38]} Bf8
{[%clk 0:03:17]} 40. Bf2 {[%clk 0:30:34]} c5 {[%clk 0:31:32]} 41. Be4
{[%clk 0:29:29]} 1-0

[Event "MP do 18 lat - chlopcy"]
[Site "Sypniewo"]
[Date "2022.03.23"]
[Round "5.12"]
[White "Sidorczuk, Pawel"]
[Black "Dalkowski, Rafal"]
[Result "0-1"]
[BlackElo "2138"]
[WhiteElo "1917"]
[LiveChessVersion "1.4.8"]

1. e4 {[%clk 1:30:58]} c5 {[%clk 1:30:46]} 2. Nf3 {[%clk 1:31:24]} Nc6
{[%clk 1:31:10]} 3. Bb5 {[%clk 1:31:51]} g6 {[%clk 1:30:50]} 4. O-O
{[%clk 1:32:16]} Bg7 {[%clk 1:30:49]} 5. c3 {[%clk 1:32:37]} d5 {[%clk 1:30:22]}
6. Bxc6+ {[%clk 1:28:33]} bxc6 {[%clk 1:30:16]} 7. Qa4 {[%clk 1:24:30]} Bd7
{[%clk 1:27:13]} 8. d3 {[%clk 1:22:39]} Qb6 {[%clk 1:17:17]} 9. Re1
{[%clk 1:08:48]} Nh6 {[%clk 1:12:40]} 10. h3 {[%clk 1:00:12]} c4 {[%clk 1:04:12]}
11. exd5 {[%clk 0:55:06]} cxd5 {[%clk 1:03:35]} 12. Qa3 {[%clk 0:55:33]} O-O
{[%clk 1:01:15]} 13. Be3 {[%clk 0:51:47]} Qb7 {[%clk 0:58:24]} 14. dxc4
{[%clk 0:42:48]} dxc4 {[%clk 0:58:00]} 15. Nbd2 {[%clk 0:42:44]} Rfe8
{[%clk 0:51:20]} 16. Nxc4 {[%clk 0:35:27]} Bxh3 {[%clk 0:39:04]} 17. Bxh6
{[%clk 0:34:39]} Bxh6 {[%clk 0:38:19]} 18. Na5 {[%clk 0:34:23]} Qd7
{[%clk 0:36:07]} 19. Ne5 {[%clk 0:24:40]} Qf5 {[%clk 0:32:21]} 20. gxh3
{[%clk 0:25:05]} Bf4 {[%clk 0:31:35]} 21. Qc5 {[%clk 0:12:55]} Qxh3
{[%clk 0:27:31]} 22. Qd5 {[%clk 0:12:52]} Bh2+ {[%clk 0:26:53]} 0-1

[Event "MP do 18 lat - chlopcy"]
[Site "Sypniewo"]
[Date "2022.03.23"]
[Round "5.13"]
[White "Kaliszuk, Kamil"]
[Black "Bachor, Tomasz"]
[Result "1/2-1/2"]
[BlackElo "2041"]
[WhiteElo "1963"]
[LiveChessVersion "1.4.8"]

1. d4 {[%clk 1:30:55]} d5 {[%clk 1:29:45]} 2. c4 {[%clk 1:30:55]} c6
{[%clk 1:30:06]} 3. cxd5 {[%clk 1:29:40]} cxd5 {[%clk 1:30:32]} 4. Bf4
{[%clk 1:29:09]} Nc6 {[%clk 1:29:42]} 5. e3 {[%clk 1:26:25]} Nf6 {[%clk 1:27:22]}
6. Nc3 {[%clk 1:26:18]} a6 {[%clk 1:25:06]} 7. Be2 {[%clk 1:25:36]} e6
{[%clk 1:16:26]} 8. Nf3 {[%clk 1:17:30]} Bd6 {[%clk 1:10:33]} 9. Bxd6
{[%clk 1:16:05]} Qxd6 {[%clk 1:10:59]} 10. O-O {[%clk 1:15:56]} b5
{[%clk 1:10:00]} 11. Rc1 {[%clk 1:08:16]} O-O {[%clk 1:06:02]} 12. a4
{[%clk 1:02:57]} b4 {[%clk 1:03:46]} 13. Nb1 {[%clk 1:02:49]} Bb7
{[%clk 0:58:39]} 14. Nbd2 {[%clk 1:01:04]} Na5 {[%clk 0:55:26]} 15. Nb3
{[%clk 0:56:01]} Nxb3 {[%clk 0:48:08]} 16. Qxb3 {[%clk 0:55:47]} a5
{[%clk 0:47:54]} 17. Rc2 {[%clk 0:49:51]} Rfc8 {[%clk 0:40:08]} 18. Rfc1
{[%clk 0:48:10]} Nd7 {[%clk 0:27:25]} 19. Rxc8+ {[%clk 0:41:18]} Rxc8
{[%clk 0:27:49]} 20. Rxc8+ {[%clk 0:41:43]} Bxc8 {[%clk 0:28:16]} 21. Qc2
{[%clk 0:42:02]} Nb6 {[%clk 0:20:23]} 22. b3 {[%clk 0:40:30]} f6 {[%clk 0:18:18]}
23. Bd3 {[%clk 0:30:37]} h6 {[%clk 0:13:28]} 24. Qb2 {[%clk 0:26:57]} Qc7
{[%clk 0:13:10]} 25. Kf1 {[%clk 0:23:02]} Kf7 {[%clk 0:13:02]} 26. Ke2
{[%clk 0:22:18]} Ke7 {[%clk 0:12:34]} 27. Kd1 {[%clk 0:20:57]} Bd7
{[%clk 0:12:42]} 28. Qa1 {[%clk 0:18:58]} Be8 {[%clk 0:12:44]} 29. h3
{[%clk 0:17:53]} Bh5 {[%clk 0:11:45]} 30. g4 {[%clk 0:17:55]} Be8
{[%clk 0:12:11]} 31. Ke2 {[%clk 0:14:20]} 1/2-1/2